Readings in Russian Civilization Volume II: Imperial Russia, 1700-1917 Revised Edition / (Record no. 616795)
[ view plain ]
| 000 -LEADER | |
|---|---|
| fixed length control field | 00465nam a22001457a 4500 |
| 020 ## - INTERNATIONAL STANDARD BOOK NUMBER | |
| Qualifying information | PB. |
| 040 ## - CATALOGING SOURCE | |
| Transcribing agency | FIZZA ISHAQ |
| 082 ## - DEWEY DECIMAL CLASSIFICATION NUMBER | |
| Classification number | 914.7 |
| Author Mark | RIH |
| 100 ## - MAIN ENTRY--PERSONAL NAME | |
| Personal name | Riha , Thomas. |
| 9 (RLIN) | 133824 |
| 245 ## - TITLE STATEMENT | |
| Title | Readings in Russian Civilization Volume II: Imperial Russia, 1700-1917 Revised Edition / |
| Statement of responsibility, etc. | Thomas Riha. |
| 250 ## - EDITION STATEMENT | |
| Edition statement | 2ND ED Revised. |
| 260 ## - PUBLICATION, DISTRIBUTION, ETC. | |
| Place of publication, distribution, etc. | London: |
| Name of publisher, distributor, etc. | University of Chicago Press, |
| Date of publication, distribution, etc. | 1970. |
| 300 ## - PHYSICAL DESCRIPTION | |
| Extent | 500 P. ; |
| Dimensions | 8.99 x 6.08 x 0.62 inches |
| 942 ## - ADDED ENTRY ELEMENTS (KOHA) | |
| Source of classification or shelving scheme | |
| Koha item type | Book |
| Withdrawn status | Lost status | Source of classification or shelving scheme | Damaged status | Not for loan | Permanent Location | Current Location | Shelving location | Date acquired | Total Checkouts | Full call number | Barcode | Date last seen | Price effective from | Koha item type |
|---|---|---|---|---|---|---|---|---|---|---|---|---|---|---|
| NUST Baluchistan Campus (NBC) | NUST Baluchistan Campus (NBC) | General Stacks | 04/02/2026 | 914.7 RIH | QD-340 | 04/02/2026 | 04/02/2026 | Book |
